Domingo De Soto. Dalla logica alla scienza.
Nel Cinquecento, la complessità dei temi che si imponevano all’attenzione dei filosofi e la sollecitazione delle novità emergenti nel contesto politico — la scoperta delle Nuevas Indias e la giustificazione del dominium sui popoli d’oltre Oceano — e corrispondentemente nel contesto culturale — l’app...
Saved in:
| Hovedforfatter: | |
|---|---|
| Format: | Bog |
| Sprog: | engelsk |
| Udgivet: |
Bari, Italia:
Levante,
2000.
|
| Serier: | Vestigia. Studi e strumenti di storiografia filosofica,
19. |
| Fag: | |
| Tags: |
Tilføj Tag
Ingen Tags, Vær først til at tagge denne postø!
|
MARC
| LEADER | 00000nam a22000007a 4500 | ||
|---|---|---|---|
| 003 | CL-VaPUC | ||
| 005 | 20220822114439.0 | ||
| 008 | 220323t2000 ||||| |||| 00| 0 eng d | ||
| 999 | |c 435055 |d 435053 | ||
| 020 | |a 88-7949-241-1 | ||
| 040 | |c Pontificia Universidad Católica de Valparaíso | ||
| 082 | 7 | |a 160 DIL 2000 |2 22 | |
| 100 | |a Di Liso, Saverio |9 867587 |e autore | ||
| 245 | |a Domingo De Soto. |b Dalla logica alla scienza. | ||
| 260 | |a Bari, Italia: |b Levante, |c 2000. | ||
| 300 | |a 421 páginas. | ||
| 490 | |a Vestigia. Studi e strumenti di storiografia filosofica, |v 19. | ||
| 500 | |a c.1 Donación Familia Prof. Alejandro Guzmán Brito. | ||
| 520 | |a Nel Cinquecento, la complessità dei temi che si imponevano all’attenzione dei filosofi e la sollecitazione delle novità emergenti nel contesto politico — la scoperta delle Nuevas Indias e la giustificazione del dominium sui popoli d’oltre Oceano — e corrispondentemente nel contesto culturale — l’approccio critico e filologico ai testi dell’antichità — inducevano il maestro salmantino Domingo de Soto (1494-1560) a una riflessione teorica di tipo ‘realistico’ che, a partire dagli strumenti logico-linguistici del sapere, si protraesse nella rivisitazione di ogni aspetto del reale: nella realtà della natura, mediante la scienza fisica; nella realtà sociale, mediante le scienze etico-giuridiche; nell’attesa religiosa, mediante le scienze teologiche. Il presente lavoro segue un percorso storiografico che è compiuto principalmente nello studio delle fonti primarie — manoscritte e a stampa — e nella consapevolezza storico-critica della recente letteratura sotiana, ovvero delle questioni in essa più dibattute. Esso si propone come ricerca originale sui fondamenti logici ed epistemologici della filosofia del pensatore salmantino, sulla base dei quali sembrano aprirsi possibili ulteriori indagini in ambito fisico-scientifico, etico-giuridico e teologico. | ||
| 583 | |c 20220323 |k Yessy Stephany Diaz Vidal | ||
| 600 | |a Soto, Domingo de, |d 1494-1560 |9 869929 | ||
| 650 | |a Derecho |x Filosofía |9 866192 | ||
| 650 | |a Lógica medieval |9 348557 | ||
| 942 | |2 ddc |c BK |n 0 | ||
| 952 | |0 0 |1 0 |2 ddc |4 0 |6 160_000000000000000_DIL_2000 |7 0 |8 C_AGB |9 582083 |a BIBDER |b BIBDER |d 2022-03-23 |e Donación |i 5650328 |o 160 DIL 2000 |p 5650328 |r 2023-01-25 |t 1 |w 2022-03-23 |y BK_US |k AGB | ||